000 00667nam a2200205Ia 4500
001 13666
003 GE_BSU
008 181216s||||||||xx |||||||||||||| ||und||
040 _cGE_BSU
080 _a691(075.8)
245 _aНовые материалы в технике.
245 _bУчебное пособие.
245 _cПод ред. Е.Б.Тростянской, Б.А.Колачева, С.И.Сильвестровича.
260 _aМ.
260 _bГостоптехиздат.
260 _c1962.
300 _a589 стр. 22см. Библиогр.: стр.648.
653 _aНовые материалы в технике.
942 _cBK
999 _c46815
_d46815